[Event "Candidates Tournament"]
[Site "Moscow"]
[Date "2016.03.12"]
[Round "2"]
[White "Aronian, Levon"]
[Black "Anand, Viswanathan"]
[Result "1/2-1/2"]
[WhiteElo "2786"]
[BlackElo "2762"]
[Annotator "Marin,M"]
[PlyCount "61"]
[EventDate "2016.03.11"]
[EventType "tourn"]
[EventRounds "14"]
[EventCountry "RUS"]
[EventCategory "22"]
[SourceTitle "CBM 172"]
[Source "ChessBase"]
[SourceDate "2016.05.12"]
[SourceVersion "1"]
[SourceVersionDate "2016.05.12"]
[SourceQuality "1"]

1. d4 Nf6 2. c4 e6 3. Nf3 d5 4. Nc3 Nbd7 5. Bf4 dxc4 6. e3 b5 $5 {This seems
to be the latest trend. In my article for CBM 155 I only examined three other
continuations:} (6... Nd5) (6... Nb6) (6... a6) 7. Nxb5 {White has to pick up
the gauntlet. Even though in most of the lines Black will manage to keep
material equality, the control over the c3-square and the relative
vulnerability of the c4-pawn offer him at least a theoretical advantage. But
in practice Black has usually managed to neutralise the slight pressure.} Bb4+
(7... Nd5 {sacrifices a pawn for certain compensation:} 8. Bxc4 Bb4+ 9. Kf1
Nxf4 10. exf4 O-O {White has lost the right to castle and his structure is
imperfect. But as long as he does not lose his extra pawn, he can hope for a
global regrouping leading to an advantage.} 11. g3 a6 12. Nc3 Bb7 (12... c5 13.
a3 $6 Bxc3 14. bxc3 Bb7 15. Kg2 Qa5 $44) 13. Be2 Qe7 {Defining the queen's
intentions a bit too early.} (13... c5 $5) 14. Kg2 c5 15. a3 Bxc3 16. bxc3 cxd4
17. cxd4 Nf6 18. Re1 Rfc8 19. Kg1 Ne4 20. Bf1 Rc3 21. Bg2 $14 {L'Ami,E (2645)
-Rabiega,R (2507) Germany 2013 (1-0, 41), White has completed his regrouping
and can hope to convert his extra pawn.}) 8. Nd2 ({The main alternative is} 8.
Nc3 Nd5 9. Qc2 (9. Rc1 N7b6 10. Bg3 O-O 11. Be2 c5 12. O-O cxd4 13. Nxd4 Bb7
14. Nxd5 Qxd5 15. Bf3 Qd7 {Wojtaszek,R (2727)-Grandelius,N (2635) Gibraltar
2016 (1/2-1/2, 30)}) (9. a3 Nxc3 10. Qd2 Nd5 11. axb4 Nxf4 12. exf4 Bb7 13. Be2
Nb6 14. O-O Qd6 15. Rfc1 O-O 16. Ne5 Rfd8 $132 {Gustafsson,J (2630)-Naiditsch,
A (2685) Linares 2015 (1/2-1/2, 47)}) 9... N7b6 $6 (9... Nxf4 10. exf4 Bb7 11.
Be2 Nb6 12. O-O O-O 13. Ng5 g6 14. Rad1 Qf6 15. g3 Qf5 $132) 10. Bg3 O-O 11.
Be2 c5 12. O-O cxd4 13. Nxd4 Bb7 14. Bf3 Qd7 {1/2-1/2 Karjakin,S (2762)
-Mamedyarov,S (2736) Baku 2015. The draw agreement is premature as White keeps
strong pressure with, say,} 15. Rfd1 Rfd8 16. a4 a5 17. Ndb5 $16) 8... Nd5 9.
Bg3 (9. a3 {wastes an important tempo:} Bxd2+ 10. Qxd2 Nxf4 11. exf4 Nb6 12. a4
Qd7 $1 {[%csl Ga4,Gb5]} (12... a6 $2 {This returns the offered tempo and loses
the c4-pawn.} 13. Na3 a5 14. Nxc4 Nxc4 15. Bxc4 $16 {Andersen,M (2504)
-Thorsteinsson,T (2258) Reykjavik 2016 (1-0, 34)}) 13. Be2 Bb7 14. O-O O-O 15.
Na3 a5 16. Rfd1 (16. Nxc4 $2 Nxc4 17. Bxc4 Qc6 $19) 16... Bd5 {[%csl Ga4]})
9... N7b6 10. Qc2 O-O 11. Be2 Ba6 {A solid move consolidating the c4-pawn but
dooming the bishop to at least temporary passivity.} ({The more active
alternative is} 11... Bd7 12. Nc3 c5 13. dxc5 Nxc3 14. bxc3 Ba4 15. Qb2 Bxc5
16. O-O (16. Nxc4 Nxc4 17. Bxc4 h5 $5) 16... Qe7 17. Nxc4 Rfd8 {[%cal Ga8c8]
Black's activity, combined with the weakness of the c3- and a2-pawns and the
relative uselessnes of the g3-bishop leave White without an obvious plan of
converting his minimal material advantage.}) 12. Nc3 c5 13. dxc5 Nxc3 $146 (
13... Bxc5 14. Nxd5 Nxd5 15. Bxc4 Bxc4 16. Nxc4 Rc8 (16... Bb4+ 17. Ke2 Rc8 {
looks like a better or at least more restrictive move order}) 17. Qb3 (17. O-O
$5 {could have led to a position with a curious material balance:} Bxe3 18.
fxe3 Nxe3 19. Nxe3 Rxc2 20. Nxc2 Qb6+ 21. Bf2 Qxb2 22. Nd4 {Strictly speaking
the material is equal, but the position remains very interesting. Even though
they do not have active squares defended by pawns, White's well coordinated
pieces may cause Black some problems.}) 17... Bb4+ 18. Ke2 Qg5 19. Rhc1 h5 20.
Ne5 Rxc1 (20... h4 {is a better try, weakening White's structure:} 21. Nf3 Qg4
22. Bxh4 Qxg2 23. Bg3 $14) 21. Rxc1 Bd6 22. h4 Qd8 23. e4 $16 {Gelfand,B (2735)
-Grachev,B (2639) Moscow 2016 (1-0, 119)}) 14. bxc3 Bxc5 15. O-O Rc8 16. Rfd1
Qg5 {Both sides have completed their development but despite his space
advantage Black has some problems of coordination as his minor pieces are far
from optimally placed.} 17. Nf3 $6 {This defines the knight's intentions too
early. White should have kept the possibility of invading the d6-square.} ({
True,} 17. Ne4 Qg6 18. Rd2 Ba3 {looks alright for Black}) ({but} 17. a4 {
would have gained the control over the a4- and a3-squares with chances for
retaining some initiative:} Qg6 (17... Be7 18. a5 Nd5 19. Nf3 $36) (17... Nd5
18. Ne4 Qg6 19. Rd2 Be7 20. Nd6 Qxc2 21. Rxc2 Rc5 22. e4 $14) 18. Qxg6 hxg6 19.
Ne4 Be7 20. Bd6 $14) 17... Qg6 $11 {Black will manage now to either weaken the
defence of the c3-pawn or get the control over a4.} 18. Qd2 (18. Qxg6 hxg6 19.
a4 Nd5 20. Rac1 Rfd8 21. Ne5 Bb6 $11 {[%csl Rc3][%cal Gb6a5]}) (18. Qb2 Na4 19.
Qd2 f6 {[%csl Gf3]}) 18... Bb5 19. Qe1 Ba4 {The character of the position has
changed a lot and White has very little space left for his pieces. But since
he does not have any significant weakness, the position remains within the
drawing zone.} 20. Ne5 (20. Rd2 f6 21. Bd6 Bxd6 22. Rxd6 Qf7 23. Rb1 (23. Nd4
Bd7 24. Rd1 Qe7 25. Nf3 Ba4 26. R1d2 Nd5 {wins an exchange}) 23... Qe7 24. Rd2
e5 {[%csl Gf3]}) 20... Qg5 (20... Qe4 $5 {[%csl Gc4]} 21. Bf3 Qf5 22. Rd2 Rcd8)
21. Rd2 Rfd8 {This leads to global exchanges and an obvious draw.} 22. Rxd8+
Qxd8 23. Nxc4 Nxc4 24. Bxc4 Bxe3 25. Qxe3 Rxc4 26. Rb1 Rc8 27. h3 a6 28. c4
Rxc4 29. Rb8 Rc8 30. Qb6 Rxb8 31. Qxb8 1/2-1/2

[Event "EU-ch 11th"]
[Site "Rijeka"]
[Date "2010.03.12"]
[Round "7"]
[White "Jobava, Baadur"]
[Black "Riazantsev, Alexander"]
[Result "1/2-1/2"]
[WhiteElo "2695"]
[BlackElo "2660"]
[Annotator "Marin,M"]
[PlyCount "80"]
[EventDate "2010.03.06"]
[EventType "swiss"]
[EventRounds "11"]
[EventCountry "CRO"]
[SourceTitle "CBM 136"]
[Source "ChessBase"]
[SourceDate "2010.05.18"]
[SourceVersion "1"]
[SourceVersionDate "2010.05.18"]
[SourceQuality "1"]

1. c4 e6 2. Nc3 d5 3. d4 Be7 4. Nf3 Nf6 5. Bf4 O-O 6. a3 dxc4 ({To tell the
truth, once White has spent a tempo on a2-a3,} 6... b6 {may become the safest
answer, transposing to a 5.a3 Queen's Indian, where (after cxd5, ...exd5)
White usually prefers the development based on g3 and Bg2, rather than Bf4 or
Bg5.}) 7. e3 a6 $146 {Black chooses a system that is similar to the so-called
extended fianchetto from the lines with Bg5. The lack of pressure along the
h4-d8 diagonal makes Black's life somewhat easier here, but I cannot help
thinking that allowing Bxc4 without loss of time is a small concession. As for
the move a2-a3, it tends to be useful in these structures anyway.} (7... Nd5 {
Nisipeanu,L (2664)-Meier,G (2664)/Novi Sad 2009/CBM 133/[Meier,G] (1/2, 40)})
8. Bxc4 b5 9. Bd3 ({I would be more worried about} 9. Ba2 $5 {, taking full
advantage of the move a2-a3.} Bb7 10. Qc2 Nbd7 11. Rd1 $40 {[%cal Ga2b1,Gf3g5,
Gh2h4,Gf4e5]}) 9... Bb7 10. Qc2 Nbd7 11. Rd1 h6 12. O-O c5 13. dxc5 Bxc5 14.
Ne5 Rc8 15. Nxd7 Nxd7 16. Bh7+ Kh8 17. Be4 Bxe4 18. Qxe4 Qe7 19. Qf3 Nf6 20.
Be5 Rfd8 21. Rxd8+ Rxd8 22. Qc6 Qa7 23. Bxf6 gxf6 {We have reached a structure
that is characteristic for certain lines of the Catalan (the fact that the
g-pawn is on the initial square is not relevant). White has the better
structure, but the control of the d-file offers Black chances to keep the
balance even.} 24. Ne4 Be7 25. g4 Qb8 26. Rc1 Qe5 27. Qb7 Qxb2 28. Rc7 Qe2 29.
Ng3 Qd1+ 30. Kg2 Bxa3 31. Qxa6 Bd6 32. Rxf7 Bxg3 33. Qa7 Bc7 34. Qxc7 Qxg4+ 35.
Qg3 Qe4+ 36. f3 Qc2+ 37. Kh3 Qf5+ 38. Kh4 Rg8 39. Qf4 Qxf4+ 40. exf4 Rb8
1/2-1/2

[Event "Paris FIDE GP"]
[Site "Elancourt"]
[Date "2013.09.24"]
[Round "3"]
[White "Grischuk, Alexander"]
[Black "Ponomariov, Ruslan"]
[Result "1/2-1/2"]
[WhiteElo "2785"]
[BlackElo "2756"]
[Annotator "Marin,M"]
[PlyCount "171"]
[EventDate "2013.09.22"]
[EventType "tourn"]
[EventRounds "11"]
[EventCountry "FRA"]
[EventCategory "20"]
[SourceTitle "CBM 157"]
[Source "ChessBase"]
[SourceDate "2013.11.12"]
[SourceVersion "1"]
[SourceVersionDate "2013.11.12"]
[SourceQuality "1"]

1. d4 Nf6 2. c4 e6 3. Nf3 d5 4. Nc3 Nbd7 5. Bf4 dxc4 {I examined this line in
my recent article published with CBM 155. Therefore, I will not mention the
early deviations now.} 6. e3 a6 7. a4 Bd6 8. Bg3 {Grischuk confessed that
choosing this move was a bit casual.} ({Slightly earlier, while walking
through the playing hall, he noticed that} 8. Bg5 {was played in the other
game of the same round with this variation, Gelfand,B (2764)-Dominguez Perez,L
(2757) Elancourt 2013 (1-0, 97) [Gelfand] Grischuk jokingly said that he did
not wish to feel like playing against two players at the same time, so he
decided to deviate.}) 8... Bxg3 $146 {Black releases the tension at once, in
order to sped up his counterplay with ...c7-c5.} (8... b6 9. Bxc4 Bb7 {Carlsen,
M (2786)-Ivanchuk,V (2786) Cap d'Agde 2008 EXT 2009 [Marin] (1/2, 58)}) 9. hxg3
c5 10. Bxc4 Nb6 11. Bb3 cxd4 12. exd4 {A typical isolani position, but with
some small particularities. The dark-squared bishops are off the board,
somewhat reducing White's attacking potential. But if Black later has to
capture on d5 with the pawn, his other bishop may become "bad". At the same
time, the early opening of the h-file offers White additional attacking ideas.
Ponomariov must have taken all these aspects into account when choosing his
next move.} Bd7 ({In principle, it would be desirable to maintain the complete
control over the d5-square with} 12... Qd6 {, but it seems that it does not
work properly, partly because of Black's delay in development.} 13. a5 Nbd5 14.
Ne5 Bd7 (14... O-O {runs into} 15. g4 $36 Qb4 $6 16. Kf1 $16 Nxc3 17. bxc3 Qxc3
18. Rh3 Qb4 19. g5 $18) 15. Bxd5 Nxd5 (15... exd5 16. g4 $36) 16. Qh5 g6 17.
Qf3 Qe7 ({Black has to give up the piece control over d5, since} 17... O-O 18.
g4 $36 {would be too dangerous.}) 18. Nxd5 exd5 19. O-O $14 {This is an
improved version of the game continuation from White's point of view, since
Black has played the strategically undesirable move ...g7-g6, weakening the
dark squares even more.}) 13. a5 Nbd5 14. Bxd5 {Grischuk settles for a minimal
but stable advantage, hoping to get an ending with a good knight versus a bad
bishop.} ({The similar plan to that from the previous comment does not work
out so well:} 14. Ne5 Bc6 15. g4 Nxc3 16. bxc3 Bxg2 17. Rh2 Bc6 {White
certainly has compensation for the pawn, but the position remains double-edged.
}) 14... Nxd5 15. Nxd5 exd5 16. Qe2+ Be6 {Now and later when given a choice,
Ponomariov decides to keep the queens on board. I assume he was right, after
the queen exchange, the rooks would most surely disappear, too, leaving Black
in a dangerous endgame, where the white king and knight could walk and jump
freely on the dark squares.} (16... Qe7 17. Rh5 Qxe2+ 18. Kxe2 Be6 19. Kd2 $14)
17. Qd3 h6 18. Qa3 f6 $1 {Ever since Philidor, it has been known that this is
the way to place the pawns: on squares of opposite colour with respect to the
bishop's. Besides, the last move has the concrete purpose of connecting rooks
without exchanging queens.} (18... Qe7 19. Ne5 Rc8 20. Kd2 $14) 19. O-O Kf7 20.
Nd2 Bd7 21. Nb3 Re8 22. Nc5 Bc6 {White has obtained stable domination, but
howcan he make progress? Grischuk could not answer this question within the
next few moves, which he rightly called a waste of time.} 23. Qf3 (23. Rfe1 $5)
23... Kg8 24. Qg4 Qe7 25. Qf3 Qe2 $6 {Ponomariov offers the queen exchange
under what would be favourable circumstances: the occupation of the second
rank. White does not have to cooperate, though.} ({Grischuk recommended} 25...
Qc7 {followed by ...Re7 and ...Rae8.}) 26. Qc3 Qb5 {Ponomariov admitted that
at first he did not realise that the queen does not feel comfortable here.} ({
However, after} 26... Qg4 27. Rfe1 {Her Majesty would also be somewhat out of
play. However, the important thing is that queens are still on the board,
preventing the radical activation of the white king.}) 27. Rfe1 Kf7 28. b3 Rac8
29. Qd2 Bd7 30. Rac1 Kg8 31. f3 {In the absence of an immediate active plan,
White starts restricting the enemy bishop even more.} Rcd8 32. g4 Bc8 33. Qc3
Rxe1+ 34. Rxe1 Re8 35. Rxe8+ Qxe8 {The ending looks pleasant for White, but
little more than that. Black should have no problems holding it.} 36. Kf2 Kf7
37. Qb4 Qc6 38. Qe1 b6 {Getting rid of one of the weaknesses.} 39. axb6 Qxb6
40. Qc3 Qc7 41. Qb4 a5 {Ponomariov was not sure whether this was a good idea.
Optically, the pawn belongs on a5, but in the long run it could also become a
weakness. Intuitively, I believe his last move is correct.} 42. Qc3 Bd7 43. Qe1
Bc8 44. Qc3 Bd7 45. Qd2 Bb5 46. Qe1 Qb6 47. Qh1 Kf8 48. Qh5 Qc6 49. Qf5 Kf7 50.
Qh5+ Kf8 51. Qf5 Kf7 52. f4 {Not much has happened over the past ten moves.
Still, White's pressure remains unpleasant and Ponomariov confessed that he
started fearing that he would blunder because of tiredness if he did not force
the events a bit.} g6 53. Qc2 Qc7 54. Qd2 g5 55. g3 gxf4 56. gxf4 f5 57. Qe3
Qe7 58. Qxe7+ Kxe7 59. g5 Kf7 $6 {Grischuk praised this move and confessed
that he had overlooked it. The idea is correct, but its execution imperfect,
though.} ({Clearing the f4-square with} 59... hxg5 $2 60. fxg5 Kf7 {would lead
to disaster:} 61. Kg3 Kg6 62. Kf4 Bc6 (62... Be2 63. Nb7 $18 {[%cal Gb7a5]})
63. Nd3 Bb5 64. Ne5+ Kg7 65. Kxf5 $18) ({The correct way to reach a similar
position as in the game was} 59... Bc6 $1 {, controlling b7, for instance} 60.
Kg3 Kf7 61. Nd3 Be8 62. Kh4 Kg7 {and the fortress resists.}) 60. Nb7 Kg6 61.
gxh6 $6 ({Black would have faced bigger practical difficulties after} 61. Nxa5
hxg5 62. fxg5 Kxg5 63. Nb7 Kf6 64. Ke3 Ke7 65. Kf4 Kf6 66. b4 $14 {There
probably is no forced win here, but Ponomariov would have faced the worst of
his fears: an unpleasant position in which he could easily blunder when
confronted with real and illusory threats.}) 61... a4 62. bxa4 Bxa4 63. Nd6 Bd7
64. Kg3 Kxh6 $11 {White cannot force his way through now and a draw is
inevitable.} 65. Nf7+ Kh5 66. Ne5 Bb5 67. Nf3 Bd3 68. Ng5 Bb5 69. Ne6 Bd7 70.
Nc7 Bc6 71. Kh3 Bb7 72. Nb5 Bc6 73. Nc3 Bb7 74. Nd1 Bc6 75. Ne3 Kg6 76. Kh4 Bb7
77. Nc2 Bc8 78. Nb4 Bb7 79. Nd3 Kh6 80. Ne5 Ba8 81. Nf7+ Kg6 82. Nd6 Bc6 83.
Nc8 Bb7 ({Grischuk said that he actually lost the knight with the previous
move. Luckily for him, Black can only lose if he tries to get the knight:} 
83... Kf6 84. Kh5 Ke6 85. Kg6 Kd7 86. Na7 Ba4 87. Kxf5 Kc7 88. Ke5 Kb7 89. f5
Kxa7 90. f6 Be8 91. Kxd5 $18) 84. Na7 Kh6 85. Nb5 Kg6 86. Nc3 1/2-1/2

[Event "Candidates Tournament"]
[Site "Kazan"]
[Date "2011.05.12"]
[Round "2.1"]
[White "Grischuk, Alexander"]
[Black "Kramnik, Vladimir"]
[Result "1/2-1/2"]
[WhiteElo "2747"]
[BlackElo "2785"]
[Annotator "Marin,M"]
[PlyCount "31"]
[EventDate "2011.05.05"]
[EventType "k.o."]
[EventRounds "3"]
[EventCountry "RUS"]
[SourceTitle "CBM 143"]
[Source "ChessBase"]
[SourceDate "2011.07.15"]
[SourceVersion "1"]
[SourceVersionDate "2011.07.15"]
[SourceQuality "1"]

1. d4 Nf6 2. c4 e6 3. Nf3 d5 4. Nc3 Be7 5. Bf4 O-O 6. e3 Nbd7 7. Qc2 c5 8. Rd1
{A relatively rare move.} (8. cxd5 {and}) (8. dxc5 {are more popular.}) 8...
Qa5 9. Nd2 cxd4 10. exd4 dxc4 $146 (10... Bb4 {Weiss,A (2318)-Ivanov,V (2447)/
IECG Email 2000/Corr 2002 (1-0, 45)}) 11. Nxc4 Qd8 12. Bd3 Nb6 13. O-O Bd7 14.
Nxb6 Qxb6 15. d5 Kh8 16. dxe6 1/2-1/2

[Event "Tata Steel-A 74th"]
[Site "Wijk aan Zee"]
[Date "2012.01.19"]
[Round "5"]
[White "Van Wely, Loek"]
[Black "Aronian, Levon"]
[Result "1/2-1/2"]
[WhiteElo "2692"]
[BlackElo "2805"]
[Annotator "Marin,M"]
[PlyCount "62"]
[EventDate "2012.01.14"]
[EventType "tourn"]
[EventRounds "13"]
[EventCountry "NED"]
[EventCategory "21"]
[SourceTitle "CBM 147"]
[Source "ChessBase"]
[SourceDate "2012.03.16"]
[SourceVersion "1"]
[SourceVersionDate "2012.03.16"]
[SourceQuality "1"]

1. d4 d5 2. c4 e6 3. Nc3 Be7 4. Nf3 Nf6 5. Bf4 O-O 6. e3 Nbd7 7. c5 c6 8. Bd3
b6 9. b4 a5 10. a3 Ba6 11. O-O Qc8 12. h3 h6 $5 {A rare continuation. Black
makes a useful move, taking advantage of the fact that White is busy with the
tension between the bishops.} (12... Qb7 {Nakamura,H (2571)-Bruzon Bautista,L 
(2603)/Wijk aan Zee 2004/CBM 099/[Dautov] (1-0, 37)}) (12... Bxd3 13. Qxd3 Qb7
{Kasimdzhanov,R (2672)-Jakovenko,D (2760)/Jermuk 2009/CBM 132/[Krasenkow] (1/2,
50)}) 13. Rb1 (13. Qc2 Bxd3 14. Qxd3 Qb7 15. Nd2 Rfc8 16. Rfc1 Bd8 17. Rab1
axb4 18. axb4 Bc7 {Van Wely,L (2697)-Topalov,V (2739)/Monaco 2002/CBM 087 ext 
(0-1, 76). In this position, we see that White cannot avoid the bishop
exchange with Bg5, only because of Black's extra move ...h6.}) 13... axb4 14.
axb4 Bxd3 15. Qxd3 Qb7 16. Rfc1 Ra3 17. Qc2 Rfa8 $146 ({Blocking the position
is likely to offer White chances for an advantage:} 17... b5 18. Nd2 Rfa8 19.
Nb3 Bd8 20. Qb2 R3a6 21. Ra1 $14 {Stocek,J (2584)-Konopka,M (2447)/Havlickuv
Brod 2008/CBM 123 (1-0, 44)}) 18. Nd2 bxc5 19. bxc5 Qc8 20. Rb3 Rxb3 21. Nxb3
Bd8 22. Rb1 Bc7 $11 23. Bxc7 Qxc7 24. Ra1 Rxa1+ 25. Nxa1 Qa5 26. Nb3 Qb4 27.
Nc1 e5 28. Nd3 Qc4 29. Nb2 Qb4 30. Nd3 Qc4 31. Nb2 Qb4 1/2-1/2

[Event "Tata Steel-A 74th"]
[Site "Wijk aan Zee"]
[Date "2012.01.22"]
[Round "8"]
[White "Topalov, Veselin"]
[Black "Aronian, Levon"]
[Result "1/2-1/2"]
[WhiteElo "2770"]
[BlackElo "2805"]
[Annotator "Marin,M"]
[PlyCount "55"]
[EventDate "2012.01.14"]
[EventType "tourn"]
[EventRounds "13"]
[EventCountry "NED"]
[EventCategory "21"]
[SourceTitle "CBM 147"]
[Source "ChessBase"]
[SourceDate "2012.03.16"]
[SourceVersion "1"]
[SourceVersionDate "2012.03.16"]
[SourceQuality "1"]

1. d4 d5 2. c4 e6 3. Nc3 Be7 4. Nf3 Nf6 5. Bf4 O-O 6. a3 b6 $5 {This actually
transposes to the 5.a3 Queen's Indian.} 7. Qc2 c5 8. Rd1 (8. e3 Bb7 9. dxc5
bxc5 10. O-O-O Nbd7 11. h4 Qb6 12. Ng5 d4 $36 {Williams,S (2504)-Adams,M (2724)
/Bunratty 2012/ (0-1, 24)}) 8... Nc6 $146 (8... Bb7 9. cxd5 exd5 10. e3 Nbd7
11. Bd3 a6 12. O-O Re8 {Grandelius,N (2536)-Goloshchapov,A (2580)/Remagen 2012
(1/2, 44)}) 9. cxd5 Nxd5 10. dxc5 bxc5 11. e3 ({Aronian carried out several
positional sacrifices in this tournament, so I assume that he was not afraid of
} 11. e4 Nxf4 12. Rxd8 Rxd8 {with nice control on dark squares.}) 11... Qa5 12.
Ne5 Nxe5 13. Bxe5 Rd8 14. Bd3 Ba6 15. O-O (15. Bxh7+ Kh8 16. Bd3 Bxd3 17. Rxd3
c4 18. Rd4 Nxe3 $1) 15... Bxd3 16. Qxd3 Nxc3 17. Qxc3 Qxc3 18. Bxc3 Kf8 $11 19.
Rxd8+ Rxd8 20. Rc1 g6 21. Kf1 Ke8 22. Ke2 a6 23. g4 Rd6 24. Be5 Rd5 25. f4 f6
26. Bc3 f5 27. h3 Kd7 28. a4 1/2-1/2